Selections from educational records of the government of India (Record no. 494453)

000 -LEADER
fixed length control field 00506cam a22001097a 4500
008 - FIXED-LENGTH DATA ELEMENTS--GENERAL INFORMATION
fixed length control field 180718b-- xxu||||| |||| 00| 0 eng d
082 ## - DEWEY DECIMAL CLASSIFICATION NUMBER
Classification number P06x54 In2s/v.1
245 ## - TITLE STATEMENT
Title Selections from educational records of the government of India
260 ## - PUBLICATION, DISTRIBUTION, ETC.
Place of publication, distribution, etc. Delhi
Name of publisher, distributor, etc. The Manager of Publications
Date of publication, distribution, etc. --
300 ## - PHYSICAL DESCRIPTION
Extent --
500 ## - GENERAL NOTE
General note Library has vol.1 : Educational Reports, 1959-71, vol.2 : Development of University Education, 1860-87, edited by J.P. Naik, vol.4 : Technical education in India, 1886-1907, edited by K.D. Bhargava
Holdings
Withdrawn status Lost status Damaged status Not for loan Permanent Location Current Location Date acquired Full call number Barcode Date last seen Price effective from Koha item type
        Indian Institute of Public Administration Indian Institute of Public Administration 2018-08-04 P06x54 In2s/v.1 G10449 2018-08-04 2018-08-04 G
        Indian Institute of Public Administration Indian Institute of Public Administration 2018-08-04 P06x54 In2s/v.1 G8338 2018-08-04 2018-08-04 G

Powered by Koha